Strategická společenská odpovědnost firem (CSR) a CSR filtr
Spoločenská zodpovednosť firiem. Strategická CSR. Porterov model piatich síl.
Guardado en:
| Autor principal: | |
|---|---|
| Otros Autores: | |
| Formato: | Capítulo de libro |
| Lenguaje: | checo |
| Materias: | |
| Etiquetas: |
Sin Etiquetas, Sea el primero en etiquetar este registro!
|
MARC
| LEADER | 00000naa a2200000 4500 | ||
|---|---|---|---|
| 001 | 0168237 | ||
| 005 | 20220720101326.3 | ||
| 041 | 0 | |a cze | |
| 044 | |a CZ | ||
| 245 | 1 | 0 | |a Strategická společenská odpovědnost firem (CSR) a CSR filtr |c Karina Mužáková, Jana Přívratská |
| 520 | |a Spoločenská zodpovednosť firiem. Strategická CSR. Porterov model piatich síl. | ||
| 610 | 2 | 0 | |a zodpovednosť spoločenská |
| 610 | 2 | 0 | |a podnikanie zodpovedné |
| 610 | 2 | 0 | |a stratégia podniková |
| 610 | 2 | 0 | |a stratégia podnikateľská |
| 610 | 2 | 0 | |a prostredie životné |
| 100 | 1 | |a Mužáková, Karina | |
| 700 | 1 | |a Přívratská, Jana | |